| 000 | 00601nam a2200157 a 4500 | ||
|---|---|---|---|
| 008 | 120416s1966 ||||||||||||||||| || u | ||
| 020 | _a0224610589 | ||
| 050 | _aDT 878.Z9 Mor | ||
| 100 | _aMorris, Donald R | ||
| 245 | 1 | 4 | _aThe washing of the spears |
| 246 | _aa history of the rise of the Zulu nation under Shaka and its fall in the Zulu war of 1879 | ||
| 260 |
_aLondon _bJonathan Cape _c1966 |
||
| 300 | _a655p. : ill. | ||
| 350 | _a0.00 | ||
| 995 |
_D0.00 _FCBU-MAIN LIBRARY (Kitwe) _H1 _I4.50 _UAVAILABLE _ZMain Library Open Access Collection |
||
| 999 |
_c61438 _d61438 |
||